[Event "World Rapid 2023"]
[Site "Samarkand UZB"]
[Date "2023.12.26"]
[EventDate "2023.12.26"]
[Round "5.100"]
[Result "0-1"]
[White "Harold Wanyama"]
[Black "Nikolay Tregubenko"]
[WhiteElo "2238"]
[BlackElo "2017"]
[PlyCount "102"]

1. d4 Nf6 2. c4 g6 3. Nc3 Bg7 4. e4 d6 5. f3 O-O 6. Nge2 e5 7. Be3 c6 8. Qd2
exd4 9. Nxd4 a6 10. Rd1 Re8 11. Be2 d5 12. Nb3 Qe7 13. cxd5 cxd5 14. exd5 Qxe3
15. Qxe3 Rxe3 16. Kf2 Re8 17. d6 Nbd7 18. Rhe1 b5 19. Na5 Nc5 20. g4 Ne6 21. h4
Bd7 22. g5 Nh5 23. Nd5 Nhf4 24. Nc7 Nxc7 25. dxc7 Be6 26. Nc6 Nd5 27. Bd3 Nxc7
28. Be4 Rac8 29. b3 Na8 30. Re2 Nb6 31. Rc2 Bf8 32. Rdc1 Bd6 33. Kg2 Bf4 34. Rd1
Rc7 35. Re2 Rec8 36. Nd4 Rc1 37. Rd3 R1c3 38. Nxe6 fxe6 39. Rd1 R3c7 40. Kh3 Kf7
41. Kg4 e5 42. Rd6 Nd7 43. Rxa6 Rc1 44. Rg2 Ke7 45. h5 gxh5+ 46. Kxh5 Rh1+ 47.
Kg4 Bxg5 48. f4 Bxf4 49. Kf3 Rc3+ 50. Kg4 Nf6+ 51. Kf5 Rh5+ 0-1

[Event "World Rapid 2023"]
[Site "Samarkand UZB"]
[Date "2023.12.26"]
[EventDate "2023.12.26"]
[Round "5.101"]
[Result "1/2-1/2"]
[White "Ali Kasimov"]
[Black "David Bogdan"]
[WhiteElo "2206"]
[BlackElo "1671"]
[PlyCount "82"]

1. d4 d5 2. c4 e6 3. Nc3 Be7 4. Nf3 Nf6 5. Bg5 c6 6. e3 h6 7. Bh4 Nbd7 8. Qc2
O-O 9. cxd5 exd5 10. Bd3 Re8 11. O-O Ne4 12. Bxe4 Bxh4 13. Bh7+ Kh8 14. Bd3 Be7
15. Rab1 Bd6 16. b4 b5 17. e4 dxe4 18. Bxe4 Qb6 19. a4 Rb8 20. a5 Qc7 21. h3 Nf6
22. Bd3 a6 23. Ne4 Nd5 24. Nxd6 Qxd6 25. Ne5 Be6 26. Qxc6 Qxc6 27. Nxc6 Rbc8 28.
Ne5 Red8 29. f4 Nc3 30. f5 Ba2 31. Rb2 Rxd4 32. f6 Re8 33. fxg7+ Kxg7 34. Rxa2
Rxe5 35. Raf2 Rxd3 36. Rxf7+ Kg6 37. R1f6+ Kg5 38. Rxa6 Rd1+ 39. Kh2 Ree1 40.
Rg7+ Kf5 41. g4+ Kf4 1/2-1/2

[Event "World Rapid 2023"]
[Site "Samarkand UZB"]
[Date "2023.12.26"]
[EventDate "2023.12.26"]
[Round "4.57"]
[Result "1/2-1/2"]
[White "Asrorjon Omonov"]
[Black "Ter-Sahakyan, Samvel"]
[WhiteElo "2224"]
[BlackElo "2643"]
[PlyCount "218"]

1. d4 Nf6 2. c4 e6 3. Nc3 d5 4. Nf3 Bb4 5. e3 O-O 6. Bd3 c5 7. cxd5 exd5 8. O-O
c4 9. Be2 Bf5 10. Bd2 Nc6 11. h3 Rc8 12. a3 Bd6 13. Ne1 Re8 14. g4 Bg6 15. f4
Ne4 16. f5 Qh4 17. Rf3 Ng5 18. Bf1 Bg3 19. Bg2 Nxh3+ 20. Bxh3 Qxh3 21. Qe2 Nxd4
22. Qg2 Qxg2+ 23. Kxg2 Bxe1 24. Rxe1 Nxf3 25. Kxf3 Re5 26. fxg6 fxg6 27. Ne2
Rf8+ 28. Kg3 h5 29. gxh5 gxh5 30. Nf4 Kh7 31. Bc3 Rg5+ 32. Kh4 Kh6 33. Rd1 Rff5
34. Kh3 a6 35. a4 b5 36. axb5 axb5 37. Ra1 Rf7 38. Ra6+ Kh7 39. Kh4 Rff5 40. Ra7
Rg1 41. Kh3 Kh6 42. Kh2 Rg4 43. Ra8 Kh7 44. Ra7 b4 45. Bd4 Kh6 46. Ra8 Kh7 47.
Ra7 Rf8 48. Rb7 b3 49. Rd7 Rf5 50. Kh3 Rgg5 51. Ne6 Rg4 52. Nf4 Rg1 53. Kh2 Rgg5
54. Kh3 Kh6 55. Rd8 Kh7 56. Rd7 Kg8 57. Rc7 Rg1 58. Rd7 Rf7 59. Rxd5 g5 60. Rd8+
Rf8 61. Rxf8+ Kxf8 62. Nxh5 Kf7 63. Ng3 Kg6 64. Kg4 Rc1 65. Ne4 Rg1+ 66. Ng3 Rg2
67. Kf3 Rd2 68. Ne4 Rc2 69. Kg4 Rg2+ 70. Kf3 Rg1 71. Ng3 Rd1 72. Kg4 Rc1 73. Ne4
Rg1+ 74. Ng3 Rc1 75. Ne4 Rh1 76. Ng3 Rg1 77. Kf3 Kf7 78. Ne4 Ke6 79. Kf2 Rc1 80.
Kf3 Kd5 81. Nc3+ Kc6 82. Ne4 Kd5 83. Nc3+ Ke6 84. Ne4 Kf5 85. Ng3+ Kg6 86. Ne4
Kh5 87. Kg3 Rg1+ 88. Kf2 Rc1 89. Kg3 Rc2 90. Kh3 Rc1 91. Kg3 Rd1 92. Kh3 Kg6 93.
Kg4 Rc1 94. Kf3 Kh5 95. Kg3 Rf1 96. Kg2 Rc1 97. Kg3 Rc2 98. Kh3 Kh6 99. Kg3 Kg6
100. Kg4 Rc1 101. Kf3 Kf5 102. Ng3+ Ke6 103. Ne4 Kd5 104. Nc3+ Kc6 105. Ne4 Rc2
106. Kg4 Rg2+ 107. Kf3 Rc2 108. Kg4 Rg2+ 109. Kf3 Rg1 1/2-1/2

[Event "World Rapid 2023"]
[Site "Samarkand UZB"]
[Date "2023.12.26"]
[EventDate "2023.12.26"]
[Round "1.1"]
[Result "1/2-1/2"]
[White "Magnus Carlsen"]
[Black "Nikita Petrov"]
[WhiteElo "2834"]
[BlackElo "2519"]
[PlyCount "152"]

1. e4 e5 2. Nf3 Nc6 3. Bb5 a6 4. Ba4 Bc5 5. Nc3 d6 6. d4 exd4 7. Nxd4 Ne7
8. Be3 b5 9. Bb3 Bxd4 10. Bxd4 Nxd4 11. Qxd4 O-O 12. Qd2 Bb7 13. O-O c5 14.
Bd5 Nxd5 15. Nxd5 Re8 16. f3 Bxd5 17. Qxd5 Qb6 18. Rad1 Rad8 19. Rfe1 h6
20. Kf1 Re5 21. Qd2 d5 22. exd5 Rexd5 23. Qxd5 Rxd5 24. Rxd5 Qf6 25. c3 Qf4
26. Kg1 Qc4 27. Rd8+ Kh7 28. a3 b4 29. axb4 cxb4 30. cxb4 Qxb4 31. Rdd1
Qxb2 32. Ra1 Qc3 33. Kh1 h5 34. Rg1 a5 35. Ra4 g6 36. Rga1 Kg7 37. Rxa5 Qd4
38. Ra7 Qe5 39. h3 Qd4 40. R7a4 Qe5 41. Rd1 Qe2 42. Rad4 Qe5 43. Rd7 Qe2
44. R1d5 Qe6 45. Kh2 Qe3 46. Rd1 Qe5+ 47. Kg1 Qe2 48. Kh1 Qe5 49. Rf1 Qe2
50. Rdd1 Qc2 51. Rde1 Qd3 52. f4 Qf5 53. Rf3 Kg8 54. Re5 Qf6 55. Rg5 Kg7
56. Kh2 Qd6 57. Re5 Qf6 58. Rd5 Qe6 59. Rd1 Qf5 60. Re1 Kg8 61. Re5 Qf6 62.
Rd5 Qe6 63. Rfd3 Qf6 64. f5 g5 65. Rd8+ Kg7 66. R3d5 Qc3 67. R8d6 Qe3 68.
f6+ Kg6 69. Rd1 Qe5+ 70. Kh1 Qf4 71. R6d4 Qe5 72. Rd8 Kxf6 73. Rg8 Qf4 74.
Kg1 Qe3+ 75. Kh1 Qf4 76. Kg1 Qe3+ 1/2-1/2

[Event "World Rapid 2023"]
[Site "Samarkand UZB"]
[Date "2023.12.26"]
[EventDate "2023.12.26"]
[Round "1.2"]
[Result "1/2-1/2"]
[White "Mikhail Bryakin"]
[Black "Ian Nepomniachtchi"]
[WhiteElo "2508"]
[BlackElo "2766"]
[PlyCount "96"]

1. d4 Nf6 2. c4 e6 3. Nf3 d5 4. g3 Be7 5. Bg2 O-O 6. O-O dxc4 7. Qc2 a6 8.
a4 h6 9. Qxc4 b5 10. Qc2 Bb7 11. Bf4 Nc6 12. Rd1 Nd5 13. Nc3 Nxf4 14. gxf4
Nb4 15. Qd2 Qb8 16. axb5 axb5 17. Rxa8 Bxa8 18. Qe3 Bd6 19. Ne5 Bxg2 20.
Kxg2 Rd8 21. Qe4 Bxe5 22. Qxe5 Nd5 23. Rc1 Nf6 24. Ne4 Qa8 25. f3 Nd5 26.
Nc3 c6 27. Nxd5 Rxd5 28. Qe4 Qb7 29. e3 Qd7 30. b4 Qd6 31. Rc5 Rxc5 32.
dxc5 Qd7 33. Kg3 f6 34. h4 Kf7 35. Kf2 h5 36. Kg3 Kf8 37. Kh3 Ke7 38. Kg3
Kd8 39. Qh7 Qf7 40. Qh8+ Kc7 41. Qa8 Qg6+ 42. Kf2 Qc2+ 43. Kg3 Qa4 44. Qe8
Qd1 45. Qxe6 Qg1+ 46. Kh3 Qh1+ 47. Kg3 Qg1+ 48. Kh3 Qh1+ 1/2-1/2

[Event "World Rapid 2023"]
[Site "Samarkand UZB"]
[Date "2023.12.26"]
[EventDate "2023.12.26"]
[Round "1.4"]
[Result "1/2-1/2"]
[White "Denis Makhnev"]
[Black "Vachier-Lagrave, Maxime"]
[WhiteElo "2513"]
[BlackElo "2777"]
[PlyCount "168"]

1. d4 Nf6 2. c4 g6 3. Nc3 Bg7 4. e4 d6 5. Bd3 e5 6. d5 a5 7. Nge2 Na6 8. f3
O-O 9. Be3 Nh5 10. Qd2 f5 11. exf5 gxf5 12. O-O-O Bd7 13. Rhg1 Nb4 14. Bb1
Qh4 15. g4 fxg4 16. fxg4 Nf4 17. a3 Na6 18. Bf5 Rad8 19. Ng3 Be8 20. Nce4
b6 21. Kb1 Bg6 22. Rdf1 Kh8 23. Ka2 Ra8 24. Bd7 Qe7 25. Bc6 Rad8 26. Bb5
Nb8 27. Ba4 Qh4 28. Nf5 Bxf5 29. gxf5 Rxf5 30. Bc2 Rdf8 31. Rg3 Bh6 32.
Rfg1 R5f7 33. Rg4 Qe7 34. h4 Nd7 35. Ng5 Bxg5 36. hxg5 Ng6 37. Rh1 Rg8 38.
Rg3 Ndf8 39. Rh6 Rgg7 40. Qh2 Kg8 41. Rg4 Qd7 42. Rg1 Ne7 43. Bd2 Nfg6 44.
Be4 a4 45. Rh1 b5 46. Qe2 Nf5 47. Bxf5 Qxf5 48. cxb5 Qc2 49. Ka1 Nf4 50.
Qh2 Nd3 51. Bc3 Qxh2 52. R6xh2 Rxg5 53. Rh4 Nf4 54. Bd2 h5 55. Kb1 Kf8 56.
Bxf4 exf4 57. Rxh5 Rxh5 58. Rxh5 f3 59. Rh1 f2 60. Rf1 Ke7 61. Kc2 Rf3 62.
Kd2 Kd7 63. b6 cxb6 64. Ke2 Rf5 65. Rxf2 Rxd5 66. Rf4 b5 67. b3 axb3 68.
Rb4 Kc6 69. Rxb3 Rd4 70. Ke3 Rh4 71. Kd2 Kc5 72. Rc3+ Rc4 73. Rh3 Kb6 74.
Rh6 Rc6 75. Rh4 Ka5 76. Rd4 Kb6 77. a4 Kc5 78. axb5 Rb6 79. Kd3 d5 80. Rh4
Rxb5 81. Rg4 Rb4 82. Rxb4 Kxb4 83. Kd4 Kb5 84. Kxd5 1/2-1/2

[Event "World Rapid 2023"]
[Site "Samarkand UZB"]
[Date "2023.12.26"]
[EventDate "2023.12.26"]
[Round "1.5"]
[Result "1-0"]
[White "Levon Aronian"]
[Black "Alexander Riazantsev"]
[WhiteElo "2762"]
[BlackElo "2504"]
[PlyCount "64"]

1. d4 d5 2. c4 e6 3. Nf3 Nf6 4. e3 b6 5. Nc3 Bd6 6. cxd5 exd5 7. Qa4+ c6 8.
Bd3 O-O 9. O-O Re8 10. h3 a5 11. Rd1 Ba6 12. Bxa6 Rxa6 13. Bd2 b5 14. Qc2
a4 15. Ne2 Nbd7 16. Nf4 Ne4 17. Nd3 Qe7 18. Rac1 h5 19. Be1 g5 20. Nfe5
Bxe5 21. dxe5 Nxe5 22. Nb4 Rb6 23. f3 Nd6 24. b3 axb3 25. axb3 Qe6 26. Bc3
Nf5 27. Qf2 g4 28. e4 dxe4 29. fxe4 Nh6 30. Qxb6 gxh3 31. Qe3 h2+ 32. Kh1
1-0

[Event "World Rapid 2023"]
[Site "Samarkand UZB"]
[Date "2023.12.26"]
[EventDate "2023.12.26"]
[Round "1.6"]
[Result "1/2-1/2"]
[White "Chongsheng Zeng"]
[Black "Fabiano Caruana"]
[WhiteElo "2501"]
[BlackElo "2747"]
[PlyCount "196"]

1. d4 Nf6 2. c4 g6 3. g3 Bg7 4. Bg2 d6 5. Nc3 O-O 6. Nf3 c6 7. O-O Bf5 8.
Ne1 e5 9. d5 cxd5 10. cxd5 Na6 11. e4 Bg4 12. f3 Bd7 13. Nd3 Qb6+ 14. Rf2
Rfc8 15. Qe1 Nb4 16. Bf1 Nxd3 17. Bxd3 h5 18. Be3 Qd8 19. h4 Kh7 20. Rc2
Bh6 21. Bxh6 Kxh6 22. Qe3+ Kg7 23. Rac1 a5 24. a3 Rc5 25. Kg2 Rac8 26. Nd1
b6 27. b4 axb4 28. axb4 Rxc2+ 29. Rxc2 Ra8 30. Nb2 b5 31. Be2 Ra2 32. Qb3
Ra1 33. Nd1 Qb6 34. Ra2 Rxa2 35. Qxa2 Ne8 36. Qa5 Qb7 37. Qd8 Nf6 38. Qa5
Qc8 39. Qa2 Ne8 40. Qd2 Qa6 41. Nc3 Qb6 42. Bd3 Nc7 43. Qf2 Qb8 44. Qa2 Qb6
45. Qf2 Qa6 46. Qa2 Qb7 47. Qa5 Kf6 48. f4 Ke7 49. Kf2 f6 50. Ke3 Be8 51.
Kd2 Bd7 52. fxe5 dxe5 53. Nd1 Ne8 54. Ne3 Nd6 55. Qa1 Qb6 56. Qc3 Qa7 57.
Qc5 Qa1 58. Nc2 Qh1 59. Qe3 Qh3 60. Ne1 Qg4 61. Qf3 f5 62. Qxg4 hxg4 63.
Ng2 Kf6 64. Ke2 Bc8 65. Kf2 Bd7 66. Ke2 Be8 67. Kf2 Bf7 68. Ne3 Bg8 69. Bc2
Bf7 70. Bd3 Be8 71. Bc2 Bd7 72. Ng2 Ne8 73. Bd3 Nc7 74. Ne3 f4 75. Nd1 Ne8
76. Nc3 Nd6 77. Be2 g5 78. hxg5+ Kxg5 79. Bd3 f3 80. Ke3 Kf6 81. Kf2 Ke7
82. Ke3 Kd8 83. Kf2 Kc7 84. Ke3 Kb6 85. Kf2 Ne8 86. Ke3 Nc7 87. Kf2 Na6 88.
Na2 Be8 89. Ke3 Bd7 90. Bf1 Nc7 91. Bd3 Ne8 92. Nc3 Nf6 93. Kf2 Nh7 94. Bf1
Ng5 95. Ke3 Be8 96. Bd3 Nf7 97. Kf2 Nd6 98. Ke3 Bg6 1/2-1/2

[Event "World Rapid 2023"]
[Site "Samarkand UZB"]
[Date "2023.12.26"]
[EventDate "2023.12.26"]
[Round "1.7"]
[Result "1-0"]
[White "Peter Svidler"]
[Black "Rinat Jumabayev"]
[WhiteElo "2737"]
[BlackElo "2500"]
[PlyCount "98"]

1. c4 c5 2. Nf3 Nf6 3. d4 cxd4 4. Nxd4 d5 5. cxd5 Nxd5 6. e4 Nf6 7. Bb5+
Bd7 8. Bxd7+ Nbxd7 9. Nc3 a6 10. Qe2 Qa5 11. O-O e6 12. f4 Bb4 13. e5 Nd5
14. Nxd5 Qxd5 15. Rd1 Bc5 16. Be3 Qe4 17. Rac1 O-O 18. Rc3 Rac8 19. Qf3
Qxf3 20. Nxf3 Bxe3+ 21. Rxe3 Nb6 22. Rb3 Nd5 23. f5 b5 24. Nd4 Nb6 25. fxe6
fxe6 26. Nxe6 Rf5 27. Rg3 g6 28. Rg5 Nc4 29. Rxf5 gxf5 30. Rd5 Nxb2 31. Nc5
a5 32. e6 Kf8 33. Rxf5+ Ke7 34. Rf7+ Kd6 35. e7 Re8 36. Nb7+ Ke6 37. Rxh7
a4 38. Nc5+ Kf6 39. Ne4+ Ke6 40. Nc5+ Kd6 41. Ne4+ Ke6 42. Rh5 b4 43. Rb5
Nd3 44. Nf2 Ne5 45. Rxb4 Rxe7 46. Rxa4 Rc7 47. h3 Rc2 48. Ng4 Nc4 49. Kh2
Kd5 1-0

[Event "World Rapid 2023"]
[Site "Samarkand UZB"]
[Date "2023.12.26"]
[EventDate "2023.12.26"]
[Round "1.8"]
[Result "0-1"]
[White "Vugar Asadli"]
[Black "Richard Rapport"]
[WhiteElo "2500"]
[BlackElo "2802"]
[PlyCount "54"]

1. e4 c6 2. Nf3 d5 3. e5 Bf5 4. d4 e6 5. Be2 Nd7 6. O-O a5 7. a4 f6 8. Nh4
fxe5 9. Nxf5 exf5 10. dxe5 Nxe5 11. Re1 Bd6 12. Bf4 Ng6 13. Bxd6 Qxd6 14.
c4 d4 15. c5 Qxc5 16. Na3 O-O-O 17. Rc1 Qb4 18. Bd3 N8e7 19. h4 Kb8 20. Qf3
Nd5 21. Nc2 Qd6 22. Qxf5 Nxh4 23. Qg4 Nf4 24. Be4 g5 25. Na3 h5 26. Qg3 d3
27. Nc4 0-1

[Event "World Rapid 2023"]
[Site "Samarkand UZB"]
[Date "2023.12.26"]
[EventDate "2023.12.26"]
[Round "1.9"]
[Result "1-0"]
[White "Nodirbek Abdusattorov"]
[Black "Liam Vrolijk"]
[WhiteElo "2676"]
[BlackElo "2498"]
[PlyCount "68"]

1. d4 Nf6 2. c4 e6 3. Nc3 Bb4 4. e3 O-O 5. Bd3 d5 6. cxd5 exd5 7. Ne2 Re8
8. O-O Bd6 9. Bd2 b6 10. Rc1 c5 11. dxc5 bxc5 12. Nb5 Bf8 13. Bc3 Na6 14.
Nf4 Bb7 15. b3 Ne4 16. Bb2 Qg5 17. g3 Rad8 18. Nxa7 c4 19. Bxe4 dxe4 20.
Qh5 Qxh5 21. Nxh5 cxb3 22. axb3 Bd5 23. Nc6 Rc8 24. Nxg7 Bxg7 25. Ne7+ Kf8
26. Ba3 Bb2 27. Rxc8 Rxc8 28. Nxc8+ Bxa3 29. Ra1 Bb7 30. Rxa3 Bxc8 31. Ra5
f6 32. g4 Ke7 33. Kg2 Nb4 34. Ra4 1-0

[Event "World Rapid 2023"]
[Site "Samarkand UZB"]
[Date "2023.12.26"]
[EventDate "2023.12.26"]
[Round "1.10"]
[Result "1-0"]
[White "Roman Kezin"]
[Black "Vladislav Artemiev"]
[WhiteElo "2497"]
[BlackElo "2727"]
[PlyCount "148"]

1. d4 d5 2. c4 c6 3. cxd5 cxd5 4. Nc3 Nc6 5. Nf3 e6 6. Bf4 Bd6 7. Bxd6 Qxd6
8. e3 Nge7 9. Bd3 Bd7 10. O-O O-O 11. Rc1 f6 12. Qb3 Qb4 13. Qc2 h6 14. a3
Qd6 15. e4 Be8 16. exd5 exd5 17. Ne2 Bh5 18. Nh4 Rae8 19. Ng3 Qf4 20. Nxh5
Qxh4 21. Ng3 Nxd4 22. Qc7 Nec6 23. Qxb7 Rf7 24. Qa6 Ne5 25. h3 f5 26. Rc8
Rxc8 27. Qxc8+ Rf8 28. Qc3 Qf6 29. Rd1 f4 30. Qxd4 fxg3 31. Qxd5+ Kh8 32.
fxg3 Qf2+ 33. Kh1 Qxb2 34. Qe4 Nxd3 35. Qxd3 a5 36. Kh2 a4 37. Rb1 Qe5 38.
Rb4 Ra8 39. Qd7 Qa5 40. Rg4 Ra7 41. Qe8+ Kh7 42. Rd4 Ra8 43. Qe4+ Kh8 44.
Qc6 Kh7 45. Qd7 Ra7 46. Qe8 Ra8 47. Qe4+ Kh8 48. Rd7 Rg8 49. Qd4 Qb5 50.
Ra7 Qb8 51. Ra6 Kh7 52. Qxa4 Re8 53. Rb6 Qc8 54. Rc6 Qd8 55. Qc2+ Kh8 56.
Qc3 Kh7 57. Rc7 Qg5 58. Qc2+ Qg6 59. Qxg6+ Kxg6 60. Rc2 Ra8 61. Ra2 Ra4 62.
g4 Kf6 63. Kg3 Kg5 64. Kf3 Kh4 65. Ke3 g5 66. Kd3 Kg3 67. Kc3 Kf4 68. Kb3
Ra8 69. a4 Ke4 70. a5 Kd4 71. a6 Kc5 72. a7 Kb6 73. Kc4 Kb7 74. Kb5 1-0

[Event "World Rapid 2023"]
[Site "Samarkand UZB"]
[Date "2023.12.26"]
[EventDate "2023.12.26"]
[Round "1.12"]
[Result "1/2-1/2"]
[White "Sergey Grigoriants"]
[Black "Shakhriyar Mamedyarov"]
[WhiteElo "2493"]
[BlackElo "2746"]
[PlyCount "102"]

1. e4 e5 2. Nf3 Nc6 3. Bc4 Nf6 4. d3 Bc5 5. Nc3 h6 6. O-O a6 7. Be3 d6 8.
Bxc5 dxc5 9. Bd5 Nxd5 10. exd5 Nb4 11. Nxe5 O-O 12. Re1 Nxd5 13. Nxd5 Qxd5
14. Qf3 Rd8 15. Qxd5 Rxd5 16. Re3 Be6 17. Rae1 g5 18. b3 Kg7 19. f3 b5 20.
Nc6 a5 21. c4 bxc4 22. dxc4 Rd6 23. Ne5 Rad8 24. Ng4 a4 25. Nf2 Rd2 26.
R3e2 Rxe2 27. Rxe2 axb3 28. axb3 Rb8 29. h4 Rxb3 30. hxg5 Rc3 31. gxh6+
Kxh6 32. Re5 Rxc4 33. Nd3 Kg7 34. Rxc5 Kf6 35. Kf2 Ke7 36. Ke3 Kd6 37. Rxc4
Bxc4 38. Nf2 Bd5 39. g4 c5 40. f4 Bc6 41. Nd3 Kd5 42. g5 Bd7 43. Ne5 Be6
44. g6 fxg6 45. Nxg6 c4 46. Ne5 c3 47. Kd3 c2 48. Kxc2 Ke4 49. Kc3 Kxf4 50.
Nc4 Bxc4 51. Kxc4 1/2-1/2

[Event "World Rapid 2023"]
[Site "Samarkand UZB"]
[Date "2023.12.26"]
[EventDate "2023.12.26"]
[Round "1.14"]
[Result "1/2-1/2"]
[White "Anton Smirnov"]
[Black "R Praggnanandhaa"]
[WhiteElo "2486"]
[BlackElo "2706"]
[PlyCount "42"]

1. e4 e5 2. Nf3 Nc6 3. Nc3 Nf6 4. d4 exd4 5. Nxd4 Bb4 6. Nxc6 bxc6 7. Bd3
d5 8. Bd2 O-O 9. O-O Rb8 10. Re1 Bg4 11. Qc1 Re8 12. exd5 cxd5 13. Rxe8+
Qxe8 14. Bg5 Bxc3 15. bxc3 Ne4 16. c4 Nxg5 17. Qxg5 dxc4 18. Bxc4 Be6 19.
Bb3 Qc6 20. h3 h6 21. Qd2 Re8 1/2-1/2

[Event "World Rapid 2023"]
[Site "Samarkand UZB"]
[Date "2023.12.26"]
[EventDate "2023.12.26"]
[Round "1.16"]
[Result "1-0"]
[White "Klementy Sychev"]
[Black "Anish Giri"]
[WhiteElo "2489"]
[BlackElo "2708"]
[PlyCount "62"]

1. d4 d5 2. Nf3 Nf6 3. c4 e6 4. Nc3 Nbd7 5. e3 a6 6. cxd5 exd5 7. Bd3 Bd6
8. O-O O-O 9. Qc2 Re8 10. Re1 c6 11. h3 Nf8 12. Bd2 Bd7 13. Re2 Rc8 14.
Rae1 c5 15. dxc5 Bxc5 16. Qb3 b5 17. Nxd5 Bxh3 18. Nf4 Bg4 19. Ng5 Qe7 20.
f3 Bd7 21. Ne4 Nxe4 22. Bxe4 Qh4 23. Bb4 Ba7 24. Bxf8 Kxf8 25. Nd5 Bb8 26.
g4 Rxe4 27. fxe4 Bxg4 28. Qb4+ Kg8 29. Ne7+ Kh8 30. Nxc8 Qg3+ 31. Rg2 1-0

[Event "World Rapid 2023"]
[Site "Samarkand UZB"]
[Date "2023.12.26"]
[EventDate "2023.12.26"]
[Round "1.17"]
[Result "0-1"]
[White "Teimour Radjabov"]
[Black "Ilia Iljiushenok"]
[WhiteElo "2691"]
[BlackElo "2480"]
[PlyCount "62"]

1. d4 d5 2. Nf3 Nf6 3. c4 c6 4. Qc2 dxc4 5. Qxc4 Bg4 6. Nbd2 Nbd7 7. g3 e6
8. Bg2 Be7 9. Qb3 Qb6 10. Nc4 Qa6 11. O-O O-O 12. Re1 Rfd8 13. Be3 Rac8 14.
Rac1 h6 15. a3 Bf5 16. Nfe5 b5 17. Nxd7 Nxd7 18. Ne5 Nxe5 19. dxe5 c5 20.
Red1 c4 21. Qc3 Qa4 22. Rxd8+ Rxd8 23. Bd4 a5 24. e4 Bg6 25. h4 Qb3 26.
Qxb3 cxb3 27. Be3 a4 28. f3 Bxa3 29. bxa3 b4 30. Bc5 Rc8 31. Bf1 Rxc5 0-1

[Event "World Rapid 2023"]
[Site "Samarkand UZB"]
[Date "2023.12.26"]
[EventDate "2023.12.26"]
[Round "1.18"]
[Result "0-1"]
[White "Elham Amar"]
[Black "Santosh Gujrathi Vidit"]
[WhiteElo "2475"]
[BlackElo "2659"]
[PlyCount "92"]

1. e4 c5 2. Nf3 d6 3. d4 cxd4 4. Nxd4 Nf6 5. Nc3 a6 6. Bc4 e6 7. Bg5 h6 8.
Bxf6 Qxf6 9. O-O Bd7 10. f4 d5 11. e5 Qd8 12. Bd3 Qb6 13. Ne2 Nc6 14. c3
Bc5 15. Bc2 Rc8 16. Rb1 Bxd4+ 17. cxd4 Nb4 18. Ba4 g6 19. a3 Nc6 20. b4 Ne7
21. Bxd7+ Kxd7 22. Qa4+ Qb5 23. Qxb5+ axb5 24. Rb3 Rc4 25. Nc3 Kc6 26. Rd1
Nf5 27. Ne2 h5 28. Rdd3 Kb6 29. Rbc3 Rg8 30. Kf2 g5 31. fxg5 Rxg5 32. h3 h4
33. Rf3 Nxd4 34. Nxd4 Rxd4 35. Rxf7 Rc4 36. Rff3 Kc6 37. g4 hxg3+ 38. Rxg3
Rxe5 39. h4 d4 40. Rcf3 Rc2+ 41. Kf1 Kd5 42. Rg5 Rh2 43. Rf4 d3 44. Rg3 d2
45. Rd3+ Kc6 46. Kg1 Rd5 0-1

[Event "World Rapid 2023"]
[Site "Samarkand UZB"]
[Date "2023.12.26"]
[EventDate "2023.12.26"]
[Round "1.19"]
[Result "1-0"]
[White "AR Saleh Salem"]
[Black "Sumiya Bilguun"]
[WhiteElo "2680"]
[BlackElo "2468"]
[PlyCount "60"]

1. d4 d5 2. c4 e6 3. Nf3 c6 4. g3 dxc4 5. Bg2 b5 6. O-O Bb7 7. Nc3 Nf6 8.
e4 Be7 9. h4 h6 10. e5 Nd5 11. Nd2 a6 12. Qg4 g6 13. Nde4 Nd7 14. Rd1 Qb6
15. b3 Qa5 16. Nxd5 cxd5 17. Nd6+ Bxd6 18. exd6 Qb6 19. bxc4 Qxd6 20. Bf4
Qe7 21. c5 h5 22. Qe2 e5 23. dxe5 Nxc5 24. Bg5 Qe6 25. Rac1 Nd7 26. Rc7 Rb8
27. Rxb7 Rxb7 28. Bxd5 Qb6 29. Bxb7 Qxb7 30. e6 1-0

[Event "World Rapid 2023"]
[Site "Samarkand UZB"]
[Date "2023.12.26"]
[EventDate "2023.12.26"]
[Round "1.20"]
[Result "1/2-1/2"]
[White "Stepan Zilka"]
[Black "Alexander Grischuk"]
[WhiteElo "2474"]
[BlackElo "2759"]
[PlyCount "54"]

1. e4 e5 2. Nf3 Nc6 3. Bb5 Nf6 4. O-O Nxe4 5. Re1 Nd6 6. Nxe5 Be7 7. Bf1
Nxe5 8. Rxe5 O-O 9. d4 Bf6 10. Re1 Re8 11. Rxe8+ Nxe8 12. c3 d5 13. Bd3 g6
14. Nd2 c6 15. Nf3 Ng7 16. h3 Bf5 17. Bxf5 Nxf5 18. Bf4 Qb6 19. g4 Ng7 20.
Qd2 Re8 21. Re1 Rxe1+ 22. Nxe1 Ne6 23. Nd3 Qd8 24. Kg2 a5 25. Bg3 b6 26.
Qe3 a4 27. Nf4 Qe7 1/2-1/2

[Event "World Rapid 2023"]
[Site "Samarkand UZB"]
[Date "2023.12.26"]
[EventDate "2023.12.26"]
[Round "1.21"]
[Result "1-0"]
[White "Andrey Esipenko"]
[Black "V Pranav"]
[WhiteElo "2694"]
[BlackElo "2472"]
[PlyCount "78"]

1. e4 e5 2. Nf3 Nc6 3. Bc4 Nf6 4. d3 Be7 5. O-O O-O 6. Nc3 d6 7. a3 h6 8.
h3 Re8 9. Be3 Bf8 10. Re1 Be6 11. Bxe6 Rxe6 12. Nd5 Re8 13. c4 Nxd5 14.
cxd5 Ne7 15. d4 exd4 16. Nxd4 c6 17. dxc6 Nxc6 18. Qd3 d5 19. Nxc6 bxc6 20.
exd5 Re5 21. Qc3 Qxd5 22. Rad1 Qb5 23. a4 Qa5 24. Qxc6 Rae8 25. Rf1 Re4 26.
b3 R4e6 27. Qb7 a6 28. Rd7 Qf5 29. Rfd1 Qg6 30. b4 Qc2 31. b5 Qxa4 32. b6
Qb3 33. Qxa6 Qb4 34. Qb7 Bc5 35. Rxf7 Rg6 36. Qd5 Rd6 37. Rf8+ Kxf8 38.
Bxc5 Re1+ 39. Rxe1 1-0

[Event "World Rapid 2023"]
[Site "Samarkand UZB"]
[Date "2023.12.26"]
[EventDate "2023.12.26"]
[Round "1.22"]
[Result "1-0"]
[White "Jakub Kosakowski"]
[Black "Baadur Jobava"]
[WhiteElo "2472"]
[BlackElo "2688"]
[PlyCount "84"]

1. e4 c6 2. d4 d5 3. e5 Bf5 4. c4 e6 5. Nc3 Ne7 6. h3 Nd7 7. Nf3 h6 8. b3
Bh7 9. Bd3 Ng6 10. O-O Bb4 11. Qc2 Nh4 12. Nxh4 Bxd3 13. Qxd3 Qxh4 14. cxd5
exd5 15. Ne2 O-O 16. Ng3 g6 17. a3 Ba5 18. b4 Bb6 19. Be3 Kg7 20. Ne2 f5
21. Qd2 Rh8 22. Nf4 Qe7 23. Qc2 h5 24. Ne2 Nf8 25. a4 a5 26. b5 cxb5 27.
Nc3 Rc8 28. Qb3 Rxc3 29. Qxc3 b4 30. Qd2 Ne6 31. Rac1 g5 32. f4 gxf4 33.
Bxf4 Nxd4 34. Kh1 Nb3 35. Qxd5 Nxc1 36. Rxc1 Rd8 37. Qf3 h4 38. Qh5 Qe6 39.
Bg5 Rf8 40. Rd1 b3 41. Bh6+ Kg8 42. Qg5+ 1-0

[Event "World Rapid 2023"]
[Site "Samarkand UZB"]
[Date "2023.12.26"]
[EventDate "2023.12.26"]
[Round "1.23"]
[Result "1-0"]
[White "Sarin Nihal"]
[Black "Renato Terry"]
[WhiteElo "2667"]
[BlackElo "2471"]
[PlyCount "58"]

1. e4 c6 2. d4 d5 3. e5 Bf5 4. Nf3 e6 5. Be2 Nd7 6. O-O h6 7. a4 a5 8. c3
Ne7 9. Nh4 Bh7 10. f4 Nf5 11. Nxf5 Bxf5 12. Na3 Be4 13. Nc2 g6 14. Bd3 Bxd3
15. Qxd3 h5 16. b3 Qb6 17. Bd2 Qa6 18. c4 Nb6 19. Ne3 Rd8 20. f5 dxc4 21.
Qe4 gxf5 22. Nxf5 cxb3 23. Nd6+ Bxd6 24. exd6 Rd7 25. Rab1 Qc4 26. Rf3 Qd5
27. Qh4 Rg8 28. Rbxb3 Nc4 29. Rg3 Rf8 1-0

[Event "World Rapid 2023"]
[Site "Samarkand UZB"]
[Date "2023.12.26"]
[EventDate "2023.12.26"]
[Round "1.25"]
[Result "1-0"]
[White "Van Foreest, Jorden"]
[Black "Robert Ruck"]
[WhiteElo "2655"]
[BlackElo "2470"]
[PlyCount "50"]

1. e4 c6 2. d4 d5 3. exd5 cxd5 4. c4 Nf6 5. Nc3 e6 6. Nf3 Bb4 7. cxd5 exd5
8. Bd3 O-O 9. O-O Bg4 10. Bg5 Bxc3 11. bxc3 Nbd7 12. h3 Bh5 13. Re1 Qc7 14.
Rc1 Rfe8 15. Rxe8+ Rxe8 16. c4 dxc4 17. Bxc4 Qd6 18. g4 Bg6 19. Bh4 Ne4 20.
Qb3 h6 21. Re1 Nb6 22. Qb5 Rc8 23. Bb3 Kh7 24. Kg2 f6 25. Bg3 Nxg3 1-0

[Event "World Rapid 2023"]
[Site "Samarkand UZB"]
[Date "2023.12.26"]
[EventDate "2023.12.26"]
[Round "1.3"]
[Result "1/2-1/2"]
[White "Laurent Fressinet"]
[Black "Aleksey Grebnev"]
[WhiteElo "2652"]
[BlackElo "2461"]
[PlyCount "92"]

1. d4 Nf6 2. Nf3 d5 3. c4 e6 4. cxd5 exd5 5. Nc3 c6 6. Bf4 Bd6 7. Bxd6 Qxd6
8. e3 Bf5 9. Nh4 Be6 10. Bd3 O-O 11. h3 Nbd7 12. O-O Rfe8 13. Qc2 h6 14.
Nf3 a6 15. Rad1 Rac8 16. a3 c5 17. dxc5 Nxc5 18. Qe2 Qb6 19. Nd4 Nce4 20.
Bxe4 dxe4 21. Nxe6 Qxe6 22. Rd4 Red8 23. Rfd1 Rxd4 24. Rxd4 Kh7 25. Qd1 Rc6
26. Qa4 Rb6 27. Qc2 Qb3 28. Qxb3 Rxb3 29. Rd2 Rb6 30. g4 g5 31. Kg2 Kg6 32.
Kg3 h5 33. b4 Rc6 34. Nd5 Nxd5 35. Rxd5 hxg4 36. hxg4 Rc3 37. a4 Rc4 38.
Rd6+ f6 39. Rb6 a5 40. bxa5 Rxa4 41. Rb5 Ra2 42. f4 exf3 43. Kxf3 Ra3 44.
Kf2 Ra4 45. Kg3 Re4 46. Kf3 Ra4 1/2-1/2